Identify the Bond film from the henchmen (and women) #1 - Statistics

General Stats
  • This quiz has been taken 28 times
  • The average score is 10 of 15
Answer Stats
Hint Film % Correct
Mr Wint and Mr Kidd Diamonds Are Forever
100%
Professor Dent Dr. No
88%
Baron Samedi Live And Let Die
83%
Fiona Volpe Thunderball
79%
Emile Leopold Locque For Your Eyes Only
75%
Mr Hinx Spectre
75%
Stamper Tomorrow Never Dies
75%
Gobinda Octopussy
63%
Sandor The Spy Who Loved Me
54%
Scarpine A View To A Kill
50%
Mr Kil Die Another Day
50%
Colonel Heller Licence To Kill
50%
Morzeny From Russia With Love
42%
Hans You Only Live Twice
42%
Mollaka Casino Royale
33%
No matching quizzes found
Score Distribution
Percent of People with Each Score
Percentile by Number Answered
Your Score History
You have not taken this quiz